| 000 | 00942nam0a22002531 4500 | ||
|---|---|---|---|
| 001 | RU\NLR\INFOCOMM\LIB\28378 | ||
| 005 | 20250617205448.0 | ||
| 035 | _a(NLR Aleph) 004299051 | ||
| 090 |
_a2579998 _c2579998 |
||
| 100 | _a20020204d1934 |||y0rusy50 ca | ||
| 101 | 0 | _afin | |
| 102 | _aRU | ||
| 105 | _aa ||||000ay | ||
| 200 | 1 |
_aPuolusen XVII edustajakokoulseen mennessä saavutti Neuvosto-Ukraina suuria voittoja _ePuhe NKP(b):n XVII edustajakokouksessä _fP.P.Postyshev |
|
| 210 |
_aPetroskoi _cKarjalan puoluekust.liike _d1934 |
||
| 215 |
_a20 с. _cпорт. _d20 см |
||
| 300 | _aНа обороте тит. л.: П.Постышев.К XVII съезду партии Сов.Украина пришла с крупными победами | ||
| 700 | 1 |
_aPostyšev _bP.P. _gPavel Petrovič _4070 |
|
| 801 | 1 |
_aRU _bInfoComm _c20020204 |
|
| 801 | 0 |
_aRU _bNLR _gPSBO |
|
| 852 |
_aNLR _jН24-9/691 |
||
| 942 | _cBOOK | ||
| 980 | _aNB | ||